000
00280nam a22001337a 4500
008
170616b xxu||||| |||| 00| 0 eng d
020
_a
082295298
041
_a
eng
080
_a
34
100
_a
20
101
_a
SHP
245
_a
CUBA THE WORLD
_c
BLAISER.C
942
_2
udc
_c
BK
999
_c
17804
_d
17804